[Event "Ceske Budejovice op-B"]
[Site "Ceske Budejovice"]
[Date "2022.07.02"]
[Round "2"]
[White "Fatima, Saleh Jasim"]
[Black "Fousek, Petr"]
[Result "0-1"]
[WhiteElo "1030"]
[BlackElo "1336"]
[PlyCount "64"]
[EventDate "2022.07.01"]
[EventType "swiss"]
[EventRounds "9"]
[EventCountry "CZE"]
[SourceTitle "EXT 2023"]
[Source "ChessBase"]
[SourceDate "2022.10.05"]
[SourceVersion "1"]
[SourceVersionDate "2022.10.05"]
[SourceQuality "1"]

1. d4 Nf6 2. Bf4 g6 3. e3 Bg7 4. c4 d6 5. Nc3 Nbd7 6. Nf3 0-0 7. Be2 Re8 8. 0-0 Nh5 9. Bg3 Nxg3 10. hxg3 e5 11. d5 f5 12. e4 Nf6 13. Ng5 h6 14. Ne6 Bxe6 15. dxe6 Rxe6 16. exf5 gxf5 17. Re1 Kh8 18. Nd5 c6 19. Nxf6 Qxf6 20. Rc1 Rf8 21. b4 e4 22. Qa4 f4 23. g4 f3 24. gxf3 exf3 25. Bf1 Rxe1 26. Rxe1 Qh4 27. Re4 Be5 28. Rxe5 Qxg4+ 29. Kh1 Qh4+ 30. Kg1 Rg8+ 31. Bg2 Rxg2+ 32. Kf1 Qh1# 0-1

[Event "Wch FIDE Online U12 Girls Asia qual"]
[Site "Tornelo INT"]
[Date "2020.12.12"]
[Round "5"]
[White "Fatima, Saleh Jasim"]
[Black "Aizharyk, Kaliza"]
[Result "0-1"]
[WhiteElo "1030"]
[BlackElo "1321"]
[PlyCount "80"]
[EventDate "2020.12.11"]
[EventType "swiss (rapid)"]
[EventRounds "7"]
[EventCountry "ISS"]
[SourceTitle "EXT 2022"]
[Source "ChessBase"]
[SourceDate "2021.10.06"]
[SourceVersion "1"]
[SourceVersionDate "2021.10.06"]
[SourceQuality "1"]

1. d4 Nf6 2. Bf4 e6 3. Nc3 d5 4. e3 c5 5. Nf3 Nc6 6. Be2 Be7 7. Ne5 Qc7 8. Nxf7 Qb6 9. Nxh8 Qxb2 10. Na4 Qb4+ 11. c3 Qa5 12. Rb1 cxd4 13. Rb5 Qd8 14. exd4 a6 15. Rb1 Kf8 16. 0-0 Kg8 17. Qc2 Kxh8 18. Bd3 h6 19. Be5 Nxe5 20. dxe5 Ng4 21. Rfe1 h5 22. Bg6 h4 23. Qe2 Nh6 24. Qh5 Bd7 25. Nb6 Rb8 26. Nxd7 Qxd7 27. Re3 Kg8 28. Rf3 Rf8 29. Rxf8+ Kxf8 30. Re1 Kg8 31. Re3 Qa4 32. h3 Qxa2 33. Rf3 Qa1+ 34. Kh2 Qe1 35. Bf7+ Kh8 36. Bxe6 Qe4 37. Qe8+ Kh7 38. Qxe7 Qg6 39. Qf8 Qe4 40. Qe7 Qg6 0-1

[Event "Wch FIDE Online U12 Girls Asia qual"]
[Site "Tornelo INT"]
[Date "2020.12.11"]
[Round "2"]
[White "Li, Joy Ching"]
[Black "Fatima, Saleh Jasim"]
[Result "1-0"]
[WhiteElo "1244"]
[BlackElo "1030"]
[PlyCount "45"]
[EventDate "2020.12.11"]
[EventType "swiss (rapid)"]
[EventRounds "7"]
[EventCountry "ISS"]
[SourceTitle "EXT 2022"]
[Source "ChessBase"]
[SourceDate "2021.10.06"]
[SourceVersion "1"]
[SourceVersionDate "2021.10.06"]
[SourceQuality "1"]

1. Nf3 d5 2. g3 Nf6 3. Bg2 Nbd7 4. d4 e6 5. 0-0 Be7 6. c4 b6 7. Nc3 c5 8. Ne5 0-0 9. Nc6 Qe8 10. cxd5 Bb7 11. Nxe7+ Qxe7 12. d6 Qxd6 13. Bxb7 Rab8 14. Bg2 cxd4 15. Nb5 Qc5 16. Nxd4 e5 17. Nb3 Qc7 18. Bg5 Rfe8 19. Rc1 Nc5 20. Nxc5 bxc5 21. Qc2 Rbc8 22. Bxf6 gxf6 23. Bh3 1-0

[Event "UAE President Cup U14 Girls"]
[Site "Ajman"]
[Date "2019.01.03"]
[Round "2"]
[White "Mira, Husain Al Hammadi"]
[Black "Fatima, Saleh Jasim"]
[Result "0-1"]
[WhiteElo "1074"]
[BlackElo "1074"]
[PlyCount "84"]
[EventDate "2019.01.02"]
[EventType "swiss"]
[EventRounds "9"]
[EventCountry "UAE"]
[SourceTitle "CBM 188 Extra"]
[Source "ChessBase"]
[SourceDate "2019.02.26"]
[SourceVersion "1"]
[SourceVersionDate "2019.02.26"]
[SourceQuality "1"]

1. e4 c5 2. Nf3 Nc6 3. Bb5 a6 4. Bxc6 bxc6 5. c3 d5 6. exd5 cxd5 7. d4 cxd4 8. cxd4 Nf6 9. Nc3 e6 10. 0-0 Bd6 11. Qe2 0-0 12. Ne5 Bb7 13. f4 Bxe5 14. fxe5 Ne4 15. Qg4 f6 16. Bh6 Qe7 17. Nxe4 dxe4 18. exf6 Rxf6 19. Bg5 Rg6 20. h4 h6 21. Qh5 Qe8 22. Kh1 hxg5 23. g3 gxh4 24. gxh4 e3+ 25. Rf3 Rg1+ 26. Kxg1 Qxh5 27. Rxe3 Qxh4 28. Rf1 Qg5+ 29. Kf2 Rf8+ 30. Ke2 Rxf1 31. Kxf1 Qxe3 32. a4 Qxd4 33. a5 Qf4+ 34. Ke1 Qe3+ 35. Kf1 Qf3+ 36. Ke1 g5 37. b4 g4 38. b5 g3 39. bxa6 g2 40. axb7 g1Q+ 41. Kd2 Qgg2+ 42. Ke1 Qff1# 0-1